[Event "Rennes op 03th"]
[Site "Rennes"]
[Date "2010.07.21"]
[Round "6.6"]
[White "Pytel, Krzysztof"]
[Black "Guezennec, Franck"]
[Result "1-0"]
[WhiteElo "2360"]
[BlackElo "2161"]
[PlyCount "125"]
[EventDate "2010.07.??"]
[EventType "swiss"]
[EventRounds "9"]
[EventCountry "FRA"]
[WhiteTeamCountry "FRA"]
[BlackTeamCountry "FRA"]

1. d4 Nf6 2. Nf3 d6 3. c4 Nbd7 4. Nc3 e5 5. e4 Be7 6. Be2 O-O 7. O-O exd4 8.
Nxd4 Nc5 9. f3 a5 10. Be3 Re8 11. Re1 h6 12. Bf1 Bf8 13. Qd2 Bd7 14. Rad1 Kh7
15. Ndb5 b6 16. Qc2 g6 17. b3 Bg7 18. a3 Ne6 19. Kh1 Nh5 20. g3 Ng5 21. Bg2 Bh3
22. f4 Bxg2+ 23. Qxg2 Ne6 24. e5 Qd7 25. Ne4 f5 26. Nf2 Rab8 27. Nd3 Red8 28.
Na7 d5 29. cxd5 Qxd5 30. Qxd5 Rxd5 31. Nc6 Re8 32. Nf2 Rxd1 33. Rxd1 g5 34. Nh3
Kg6 35. b4 axb4 36. axb4 Bf8 37. Ra1 g4 38. Nf2 Nd8 39. Ra8 Ng7 40. Rxd8 Rxd8
41. Nxd8 Bxb4 42. Nd3 Bc3 43. Kg2 c5 44. Nc1 Ne8 45. Nc6 Kf7 46. Na2 Bb2 47.
Kf1 Ke6 48. Ke2 Kd7 49. Na7 Nc7 50. Kd3 Ke6 51. Kc4 h5 52. Bf2 h4 53. gxh4 Nd5
54. Bg3 Ne3+ 55. Kd3 Nf1 56. h5 c4+ 57. Ke2 Nxg3+ 58. hxg3 c3 59. Kd3 c2 60.
Kxc2 Bxe5 61. fxe5 f4 62. Kd3 fxg3 63. Ke3 1-0

[Event "Rennes op 03th"]
[Site "Rennes"]
[Date "2010.07.21"]
[Round "6.7"]
[White "Rachid, Danial"]
[Black "Piankov, Evgenij"]
[Result "1-0"]
[WhiteElo "2039"]
[BlackElo "2324"]
[PlyCount "79"]
[EventDate "2010.07.??"]
[EventType "swiss"]
[EventRounds "9"]
[EventCountry "FRA"]
[WhiteTeamCountry "FRA"]
[BlackTeamCountry "FRA"]

1. e4 g6 2. d4 Bg7 3. Nc3 c6 4. Be3 d5 5. Be2 Nh6 6. f3 f6 7. Qd2 Nf7 8. h4 a6
9. a4 a5 10. Nh3 Na6 11. Nf4 Nb4 12. Nd3 Nxd3+ 13. Bxd3 e6 14. O-O-O Bf8 15.
Ne2 Bd7 16. Rde1 Bb4 17. c3 Be7 18. Qc2 Qc7 19. h5 g5 20. exd5 cxd5 21. Bxh7
Qc6 22. Bg6 Qxa4 23. Bxf7+ Kxf7 24. Qg6+ Kf8 25. Kb1 Be8 26. Qd3 Bb5 27. Qd2
Bc4 28. Nc1 Kf7 29. g4 b5 30. f4 gxf4 31. Bxf4 b4 32. Qe3 Ra6 33. g5 fxg5 34.
Bxg5 bxc3 35. Rh2 Rb6 36. Qf4+ Ke8 37. Qc7 Qb4 38. Bxe7 c2+ 39. Rxc2 Qxe1 40.
Bc5 1-0

[Event "Rennes op 03th"]
[Site "Rennes"]
[Date "2010.07.21"]
[Round "6.8"]
[White "Adrian, Claude"]
[Black "Sanvoisin, Corentin"]
[Result "1/2-1/2"]
[WhiteElo "2292"]
[BlackElo "1889"]
[PlyCount "80"]
[EventDate "2010.07.??"]
[EventType "swiss"]
[EventRounds "9"]
[EventCountry "FRA"]
[WhiteTeamCountry "FRA"]
[BlackTeamCountry "FRA"]

1. Nf3 c5 2. c4 g6 3. d4 cxd4 4. Nxd4 Bg7 5. e4 Nc6 6. Nc2 Nf6 7. Nc3 d6 8. Be2
O-O 9. O-O Be6 10. Bg5 Rc8 11. Qd2 Re8 12. Rab1 Ne5 13. b3 Ned7 14. Kh1 Nc5 15.
f3 Bd7 16. Rfd1 Ne6 17. Be3 a6 18. Rbc1 Rb8 19. Nb4 Qa5 20. Nbd5 Nxd5 21. Nxd5
Qxd2 22. Rxd2 b5 23. Nb6 Bc6 24. cxb5 Bxb5 25. Bxb5 axb5 26. a4 b4 27. Rc4 Bc3
28. Rd5 Nf4 29. Bxf4 Rxb6 30. h4 Reb8 31. Be3 R6b7 32. Kg1 Kf8 33. Kf1 Ra8 34.
Ke2 Ke8 35. Kd3 Kd7 36. Bf4 Ra6 37. e5 Ke6 38. Ke4 dxe5 39. Rxe5+ Bxe5 40. Bxe5
f6 1/2-1/2

[Event "Rennes op 03th"]
[Site "Rennes"]
[Date "2010.07.21"]
[Round "6.9"]
[White "Civit, Pierre"]
[Black "Marzolf, Bruno"]
[Result "0-1"]
[WhiteElo "1862"]
[BlackElo "2264"]
[PlyCount "92"]
[EventDate "2010.07.??"]
[EventType "swiss"]
[EventRounds "9"]
[EventCountry "FRA"]
[WhiteTeamCountry "FRA"]
[BlackTeamCountry "FRA"]

1. c4 e5 2. g3 Nf6 3. Bg2 Nc6 4. Nc3 g6 5. e3 Bg7 6. Nge2 O-O 7. O-O d6 8. d4
Re8 9. h3 exd4 10. exd4 Bf5 11. Be3 h5 12. Nf4 Qd7 13. Kh2 a6 14. a3 Ne4 15.
Rc1 Nxc3 16. Rxc3 Be4 17. f3 Bf5 18. g4 hxg4 19. hxg4 Rxe3 20. Rxe3 Bxd4 21.
Nd5 Kg7 22. gxf5 Rh8+ 23. Kg3 gxf5 24. f4 Rh6 25. Rh1 Rg6+ 26. Kf2 Rg4 27. Bf3
Rg6 28. Rg1 Qd8 29. Rxg6+ fxg6 30. Ke2 Bxe3 31. Kxe3 g5 32. fxg5 Qxg5+ 33. Kf2
Qh4+ 34. Ke3 Ne5 35. Qg1+ Kf8 36. b3 Qd4+ 37. Kxd4 Nxf3+ 38. Ke3 Nxg1 39. Kf4
Ne2+ 40. Kxf5 Nd4+ 41. Ke4 Nxb3 42. Nxc7 Ke7 43. Kd5 Nc5 44. Na8 Na4 45. Nc7
Kd7 46. Na8 b6 0-1

[Event "Rennes op 03th"]
[Site "Rennes"]
[Date "2010.07.21"]
[Round "6.10"]
[White "Schmouchkovitch, Michel"]
[Black "Daurelle, Herve"]
[Result "0-1"]
[WhiteElo "1979"]
[BlackElo "2239"]
[PlyCount "94"]
[EventDate "2010.07.??"]
[EventType "swiss"]
[EventRounds "9"]
[EventCountry "FRA"]
[WhiteTeamCountry "FRA"]
[BlackTeamCountry "FRA"]

1. d4 Nf6 2. Nf3 e6 3. c4 c5 4. d5 exd5 5. cxd5 d6 6. Nc3 g6 7. Bg5 h6 8. Bh4
Bg7 9. e3 a6 10. a4 g5 11. Bg3 Nh5 12. Bd3 Nxg3 13. hxg3 Nd7 14. Qc2 Ne5 15.
Nxe5 Bxe5 16. a5 b5 17. axb6 Qxb6 18. O-O O-O 19. Ra2 Rb8 20. Bc4 Qb4 21. Ne4
Bf5 22. b3 a5 23. Nf6+ Bxf6 24. Qxf5 Bg7 25. f4 g4 26. Qxg4 f5 27. Qd1 Rbe8 28.
Re1 Re7 29. Bd3 Bd4 30. Kh2 Bc3 31. Ree2 Rb7 32. Bc2 Qb5 33. Ra4 Bb4 34. e4 Re7
35. Bd3 Qe8 36. exf5 Qh5+ 37. Kg1 Bc3 38. Rae4 Rxe4 39. g4 Bd4+ 40. Rf2 Bxf2+
41. Kxf2 Rxf4+ 42. Kg3 Qg5 43. Qe2 h5 44. Qe6+ Kh8 45. Qxd6 Qxg4+ 46. Kh2 Qh4+
47. Kg1 Qe1+ 0-1

[Event "Rennes op 03th"]
[Site "Rennes"]
[Date "2010.07.21"]
[Round "7.1"]
[White "Karpatchev, Aleksandr"]
[Black "Milchev, Nikolay"]
[Result "1/2-1/2"]
[WhiteElo "2476"]
[BlackElo "2360"]
[PlyCount "39"]
[EventDate "2010.07.??"]
[EventType "swiss"]
[EventRounds "9"]
[EventCountry "FRA"]
[WhiteTeamCountry "FRA"]
[BlackTeamCountry "FRA"]

1. e4 d5 2. exd5 Qxd5 3. Nc3 Qd6 4. d4 Nf6 5. Nf3 a6 6. g3 b5 7. Bg2 Bb7 8. O-O
e6 9. Bf4 Qb6 10. a4 Bd6 11. a5 Qa7 12. Bxd6 cxd6 13. d5 Nxd5 14. Ne4 Ke7 15.
Nfg5 Nd7 16. Nxd6 Kxd6 17. Nxf7+ Ke7 18. Nxh8 N5f6 19. Bxb7 Qxb7 20. Re1
1/2-1/2

[Event "Rennes op 03th"]
[Site "Rennes"]
[Date "2010.07.21"]
[Round "7.2"]
[White "Song, Julien"]
[Black "Lejarre, Ludovic"]
[Result "1/2-1/2"]
[WhiteElo "2347"]
[BlackElo "2385"]
[PlyCount "40"]
[EventDate "2010.07.??"]
[EventType "swiss"]
[EventRounds "9"]
[EventCountry "FRA"]
[WhiteTeamCountry "FRA"]
[BlackTeamCountry "FRA"]

1. d4 Nf6 2. c4 g6 3. Nc3 Bg7 4. Nf3 O-O 5. Bg5 h6 6. Bh4 c5 7. d5 b5 8. cxb5
Qa5 9. Nd2 Qb4 10. Bxf6 Bxf6 11. Qc1 d6 12. e4 Nd7 13. a3 Qa5 14. Nc4 Qc7 15.
Be2 a6 16. a4 Kh7 17. O-O axb5 18. axb5 Bb7 19. Qc2 Nb6 20. h3 Rfb8 1/2-1/2

[Event "Rennes op 03th"]
[Site "Rennes"]
[Date "2010.07.22"]
[Round "7.3"]
[White "Daurelle, Herve"]
[Black "Bratanov, Zsivko"]
[Result "1/2-1/2"]
[WhiteElo "2239"]
[BlackElo "2480"]
[PlyCount "214"]
[EventDate "2010.07.??"]
[EventType "swiss"]
[EventRounds "9"]
[EventCountry "FRA"]
[WhiteTeamCountry "FRA"]
[BlackTeamCountry "FRA"]

1. e4 c5 2. Nf3 Nc6 3. d4 cxd4 4. Nxd4 Qc7 5. Nc3 e6 6. Be2 a6 7. O-O Nf6 8.
Be3 Bb4 9. Na4 Bd6 10. g3 b5 11. Nxc6 dxc6 12. Nb6 Rb8 13. Nxc8 Rxc8 14. Bd3 h5
15. f4 e5 16. Qf3 Qe7 17. a4 Bc5 18. axb5 axb5 19. Kh1 h4 20. Bxc5 Qxc5 21. g4
O-O 22. g5 Nh7 23. Qh5 exf4 24. Rxf4 g6 25. Qxh4 Qxg5 26. Qf2 Qe5 27. Rg1 Qxb2
28. h4 Ra8 29. h5 Ra1 30. Bf1 Qg7 31. e5 Qxe5 32. hxg6 Qh5+ 33. Rh4 fxg6 34.
Rxh5 Rxf2 35. Bd3 Rxg1+ 36. Kxg1 gxh5 37. Kxf2 Nf6 38. Ke3 Kf7 39. Kd4 Nd7 40.
Be2 h4 41. Bf3 c5+ 42. Kd5 Ke7 43. Bg2 Kd8 44. Bf1 Kc7 45. Bxb5 h3 46. Bf1 h2
47. Bg2 Kb6 48. Ke4 c4 49. Kf4 c3 50. Kg3 Kc5 51. Kxh2 Kd4 52. Kg1 Ke3 53. Kf1
Kd2 54. Be4 Nc5 55. Bh7 Ne6 56. Kf2 Nd4 57. Bg6 Nxc2 58. Bh7 Na3 59. Bg6 Nc4
60. Bb1 Ne5 61. Kf1 Ng4 62. Bg6 Kd1 63. Kg1 Kc1 64. Bh7 Nf6 65. Bg6 Kd2 66. Kf2
Nd7 67. Bb1 Nc5 68. Kf1 Nd3 69. Kg2 Ke2 70. Kg1 Ne1 71. Kh2 Kf3 72. Kg1 Ke2 73.
Kh2 Kf2 74. Kh1 Nf3 75. Bh7 Ke2 76. Bb1 Kf1 77. Bh7 Kf2 78. Bb1 Nd2 79. Bc2 Nf1
80. Bb1 Ne3 81. Kh2 Ng4+ 82. Kh1 Ne5 83. Kh2 Nc4 84. Kh1 Kf1 85. Kh2 Ke2 86.
Kg1 Ke3 87. Kg2 Na3 88. Bh7 Ke2 89. Kg1 Nc4 90. Bb1 Nd2 91. Bc2 Kf3 92. Kh1 Nf1
93. Kg1 Ng3 94. Bb1 Ne4 95. Kh1 Ke3 96. Kg1 Nd2 97. Bc2 Kf3 98. Kh2 Nc4 99. Bb1
Ke3 100. Kg1 Nd2 101. Bc2 Nf3+ 102. Kh1 Ke2 103. Bb1 Kd2 104. Kg2 Kc1 105. Bh7
Ng5 106. Bg6 Ne6 107. Bh7 Kd1 1/2-1/2

[Event "Rennes op 03th"]
[Site "Rennes"]
[Date "2010.07.21"]
[Round "7.4"]
[White "Colin, Vincent"]
[Black "Platel, Alexandre"]
[Result "1-0"]
[WhiteElo "2425"]
[BlackElo "2237"]
[PlyCount "33"]
[EventDate "2010.07.??"]
[EventType "swiss"]
[EventRounds "9"]
[EventCountry "FRA"]
[WhiteTeamCountry "FRA"]
[BlackTeamCountry "FRA"]

1. c4 e5 2. g3 f5 3. d4 d6 4. dxe5 dxe5 5. Qxd8+ Kxd8 6. Nf3 Nc6 7. Nc3 Bb4 8.
Bd2 Be6 9. O-O-O e4 10. Nxe4 fxe4 11. Bxb4+ Ke8 12. Bc3 Nf6 13. Ng5 Bxc4 14. b3
Bf7 15. Bxf6 gxf6 16. Nxe4 Ke7 17. Bg2 1-0

[Event "Rennes op 03th"]
[Site "Rennes"]
[Date "2010.07.21"]
[Round "7.5"]
[White "Marzolf, Bruno"]
[Black "Spassov, Liuben"]
[Result "1-0"]
[WhiteElo "2264"]
[BlackElo "2376"]
[PlyCount "89"]
[EventDate "2010.07.??"]
[EventType "swiss"]
[EventRounds "9"]
[EventCountry "FRA"]
[WhiteTeamCountry "FRA"]
[BlackTeamCountry "FRA"]

1. e4 c6 2. d4 d5 3. Nc3 dxe4 4. Nxe4 Bf5 5. Ng3 Bg6 6. h4 h6 7. Nf3 Nd7 8. h5
Bh7 9. Bd3 Bxd3 10. Qxd3 e6 11. Bf4 Qa5+ 12. c3 Ngf6 13. a4 Be7 14. b4 Qd8 15.
a5 Nd5 16. Bd2 Qc7 17. Ne4 O-O 18. Kf1 b6 19. a6 f5 20. Ng3 Bd6 21. Rh3 N7f6
22. Re1 Rfe8 23. Ne5 c5 24. b5 cxd4 25. cxd4 Bxe5 26. dxe5 Nd7 27. Nxf5 Nxe5
28. Nxh6+ gxh6 29. Qg3+ Kh7 30. Rxe5 Qc4+ 31. Qd3+ Qxd3+ 32. Rxd3 Rac8 33. Rg3
Rc2 34. Ke1 Rd8 35. Rd3 Rb2 36. Rxe6 Rb1+ 37. Ke2 Rxb5 38. Rxh6+ Kg7 39. Rg6+
Kf7 40. Kf3 Rf8 41. g4 Re8 42. Rd6 Nf6 43. Bc3 Ne4 44. Rd7+ Kf8 45. h6 1-0

[Event "Rennes op 03th"]
[Site "Rennes"]
[Date "2010.07.21"]
[Round "7.8"]
[White "Pozuelo, Jose"]
[Black "Mladenov, Plamen"]
[Result "0-1"]
[WhiteElo "2096"]
[BlackElo "2363"]
[PlyCount "102"]
[EventDate "2010.07.??"]
[EventType "swiss"]
[EventRounds "9"]
[EventCountry "FRA"]
[WhiteTeamCountry "FRA"]
[BlackTeamCountry "FRA"]

1. e4 c5 2. Nc3 Nc6 3. g3 g6 4. Bg2 Bg7 5. d3 Rb8 6. Be3 Nd4 7. Nge2 b5 8. Qd2
Qa5 9. Bf4 d6 10. Nxd4 cxd4 11. Ne2 Qb6 12. Qd1 e5 13. Bd2 Ne7 14. O-O O-O 15.
Kh1 d5 16. Bb4 Re8 17. f4 dxe4 18. dxe4 a5 19. Bxe7 Rxe7 20. Qd2 b4 21. Rf2 d3
22. Nc1 exf4 23. Nxd3 fxg3 24. hxg3 Bb7 25. Raf1 Qb5 26. Qf4 Rbe8 27. e5 Qd7
28. Kh2 Bxg2 29. Kxg2 Qc7 30. Kh2 Rf8 31. Re1 Re6 32. Qg4 Rfe8 33. Rfe2 Bxe5
34. Nxe5 Rxe5 35. Rxe5 Rxe5 36. Rxe5 Qxe5 37. Qc8+ Kg7 38. b3 h5 39. Qc4 Qb2
40. Qe4 Qc3 41. Kg2 f5 42. Qe7+ Kh6 43. Kh3 Qc6 44. Qf8+ Kg5 45. Qd8+ Qf6 46.
Qxa5 Qd4 47. Qc7 Qg4+ 48. Kh2 Qe2+ 49. Kh3 Qf1+ 50. Kh2 Kg4 51. Qe7 Qh3+ 0-1

[Event "Rennes op 03th"]
[Site "Rennes"]
[Date "2010.07.21"]
[Round "7.7"]
[White "Okhotnik, Vladimir"]
[Black "Le Marec, Simon"]
[Result "1-0"]
[WhiteElo "2467"]
[BlackElo "2095"]
[PlyCount "107"]
[EventDate "2010.07.??"]
[EventType "swiss"]
[EventRounds "9"]
[EventCountry "FRA"]
[WhiteTeamCountry "FRA"]
[BlackTeamCountry "FRA"]

1. e4 e6 2. d4 d5 3. exd5 exd5 4. c4 Bb4+ 5. Nc3 Ne7 6. Bd3 dxc4 7. Bxc4 O-O 8.
Nge2 Nd7 9. O-O Nb6 10. Bb3 c6 11. Bg5 Kh8 12. Ne4 f6 13. Bd2 Bf5 14. Bxb4 Bxe4
15. Nf4 Bd5 16. Bxd5 Nbxd5 17. Ne6 Qc8 18. Bxe7 Re8 19. Bxf6 Nxf6 20. Ng5 Qd7
21. Qb3 Nd5 22. Rfe1 Qf5 23. Nf3 b5 24. Re5 Rxe5 25. Nxe5 Rf8 26. Qf3 Qxf3 27.
Nxf3 Re8 28. Kf1 Kg8 29. Rc1 Re6 30. Ne5 Ne7 31. Ke2 Kf8 32. b4 Ke8 33. Rc3 Kd8
34. Ra3 Nc8 35. f4 Kc7 36. Rh3 h6 37. Rg3 Re7 38. Rg6 Kb7 39. Kd3 Rc7 40. a3
Nb6 41. g3 Nd5 42. Re6 Nf6 43. h3 Nh5 44. Rg6 Nf6 45. Ng4 Nh5 46. Ne3 Rf7 47.
d5 Rd7 48. d6 Rf7 49. Kd4 Rf8 50. Ke5 Kc8 51. Nf5 Kd7 52. Nxg7 Rg8 53. Ne6 Re8
54. f5 1-0

[Event "Rennes op 03th"]
[Site "Rennes"]
[Date "2010.07.21"]
[Round "7.9"]
[White "Auvray, Simon"]
[Black "Adrian, Claude"]
[Result "0-1"]
[WhiteElo "2048"]
[BlackElo "2292"]
[PlyCount "42"]
[EventDate "2010.07.??"]
[EventType "swiss"]
[EventRounds "9"]
[EventCountry "FRA"]
[WhiteTeamCountry "FRA"]
[BlackTeamCountry "FRA"]

1. e4 e6 2. d4 d5 3. Nd2 Nf6 4. e5 Nfd7 5. Bd3 c5 6. c3 Nc6 7. Ne2 cxd4 8. cxd4
f6 9. exf6 Nxf6 10. Nf3 Bd6 11. O-O O-O 12. Bf4 Nh5 13. Bxd6 Qxd6 14. Qc2 Rxf3
15. gxf3 Nf4 16. a3 Bd7 17. Rad1 Rf8 18. Nxf4 Qxf4 19. Qd2 Qh4 20. Bb5 Rf6 21.
f4 Qg4+ 0-1

[Event "Rennes op 03th"]
[Site "Rennes"]
[Date "2010.07.21"]
[Round "7.10"]
[White "Sanvoisin, Corentin"]
[Black "Mancini, Mario"]
[Result "1/2-1/2"]
[WhiteElo "1889"]
[BlackElo "2256"]
[PlyCount "114"]
[EventDate "2010.07.??"]
[EventType "swiss"]
[EventRounds "9"]
[EventCountry "FRA"]
[WhiteTeamCountry "FRA"]
[BlackTeamCountry "FRA"]

1. e4 c5 2. c3 e6 3. d4 d5 4. e5 Nc6 5. Nf3 Qb6 6. a3 a5 7. b3 Nh6 8. Bd3 Nf5
9. Bb2 Bd7 10. Bxf5 exf5 11. O-O Be6 12. dxc5 Bxc5 13. b4 Be7 14. Nbd2 a4 15.
Qe2 O-O 16. Nd4 Nxd4 17. cxd4 Rfc8 18. Rfc1 h6 19. f4 Bd7 20. Nf3 Qb5 21. Kf2
Qb6 22. Ne1 Qe6 23. Rxc8+ Rxc8 24. Rc1 Rc4 25. Nc2 f6 26. Ne3 Rxc1 27. Bxc1
fxe5 28. fxe5 f4 29. Nc2 g5 30. Ne1 Qf5 31. Qd3 Kf7 32. Qxf5+ Bxf5 33. h4 Kg6
34. hxg5 hxg5 35. g3 fxg3+ 36. Kxg3 Bd7 37. Nd3 b6 38. Nf2 Kf5 39. Kf3 Be8 40.
Kg3 Bh5 41. Bd2 Be2 42. Bc1 Bb5 43. Kf3 Bd7 44. Ng4 Kg6 45. Ne3 Be6 46. Nd1 g4+
47. Kg3 Kh5 48. Nc3 Bh4+ 49. Kg2 g3 50. Bf4 Kg4 51. Ne2 Bf5 52. Bxg3 Bg5 53.
Nc3 Bc2 54. Nb5 Kf5 55. Kf3 Bc1 56. Ke2 Bb3 57. Kd3 Bc4+ 1/2-1/2

[Event "Rennes op 03th"]
[Site "Rennes"]
[Date "2010.07.21"]
[Round "8.1"]
[White "Colin, Vincent"]
[Black "Karpatchev, Aleksandr"]
[Result "0-1"]
[WhiteElo "2425"]
[BlackElo "2476"]
[PlyCount "78"]
[EventDate "2010.07.??"]
[EventType "swiss"]
[EventRounds "9"]
[EventCountry "FRA"]
[WhiteTeamCountry "FRA"]
[BlackTeamCountry "FRA"]

1. d4 d5 2. c4 dxc4 3. Nf3 Nf6 4. Nc3 Nc6 5. Bg5 Qd6 6. e4 Qb4 7. d5 Na5 8. Qc2
g6 9. Bd2 Bg7 10. Nd1 Qb5 11. b4 Nxe4 12. Qxe4 Bxa1 13. bxa5 Bf5 14. Bxc4 Bxe4
15. Bxb5+ c6 16. dxc6 Bxc6 17. Bxc6+ bxc6 18. Ke2 Rb8 19. Ne3 Bf6 20. Nc4 Rb5
21. Rc1 Kd7 22. a4 Rd5 23. Ne3 Rd6 24. Rb1 Kc8 25. Nc4 Re6+ 26. Be3 Rd8 27. Kf1
Rd7 28. a6 g5 29. Na5 Rd5 30. Nb7 g4 31. Bxa7 gxf3 32. Be3 Re4 33. Nc5 Rb4 34.
Rc1 Kb8 35. gxf3 Bd4 36. Bf4+ e5 37. Nd3 Rb3 38. Bg3 Rxd3 39. Rb1+ Ka8 0-1

[Event "Rennes op 03th"]
[Site "Rennes"]
[Date "2010.07.23"]
[Round "8.2"]
[White "Milchev, Nikolay"]
[Black "Song, Julien"]
[Result "1/2-1/2"]
[WhiteElo "2360"]
[BlackElo "2347"]
[PlyCount "132"]
[EventDate "2010.07.??"]
[EventType "swiss"]
[EventRounds "9"]
[EventCountry "FRA"]
[WhiteTeamCountry "FRA"]
[BlackTeamCountry "FRA"]

1. Nf3 Nf6 2. c4 g6 3. Nc3 Bg7 4. e4 d6 5. d4 O-O 6. h3 c5 7. d5 a6 8. a4 a5 9.
Bd3 Na6 10. O-O Nb4 11. Bb1 e5 12. dxe6 Bxe6 13. Nd5 Nfxd5 14. exd5 Bd7 15. Ra3
Qc7 16. Ng5 h6 17. Ne4 Bf5 18. Rg3 Bxe4 19. Bxe4 Rae8 20. Bb1 Qe7 21. Bf4 Qf6
22. Rf3 Rd8 23. Bxh6 Qxb2 24. Bg5 Rde8 25. h4 Qe2 26. Qc1 Qb2 27. Qxb2 Bxb2 28.
h5 Kg7 29. Rg3 Be5 30. Rh3 gxh5 31. Re1 Bd4 32. Kf1 Rxe1+ 33. Kxe1 Re8+ 34. Kf1
Bf6 35. Bf4 Be5 36. Bd2 Rh8 37. g3 b6 38. Ke2 f6 39. Kf3 Na6 40. Rh1 Nb4 41.
Be3 Bb2 42. Bf4 Be5 43. Bd2 Bd4 44. Kg2 Be5 45. f4 Bd4 46. Re1 Kf7 47. Kh3 Na6
48. Re6 Rd8 49. Kh4 Nc7 50. Re2 Rh8 51. Bd3 Rg8 52. Bf5 Rh8 53. Bd3 Rg8 54. Be1
Rh8 55. Bc2 Rh6 56. Bb1 Rh8 57. Bd3 Rh6 58. Bf5 Rh8 59. Bf2 Bc3 60. Bh3 Rh7 61.
Rc2 Bb4 62. Re2 Bc3 63. Be6+ Kg6 64. Bh3 f5 65. Bg2 Bf6+ 66. Kh3 Re7 1/2-1/2

[Event "Rennes op 03th"]
[Site "Rennes"]
[Date "2010.07.22"]
[Round "8.3"]
[White "Pytel, Krzysztof"]
[Black "Marzolf, Bruno"]
[Result "1-0"]
[WhiteElo "2360"]
[BlackElo "2264"]
[PlyCount "55"]
[EventDate "2010.07.??"]
[EventType "swiss"]
[EventRounds "9"]
[EventCountry "FRA"]
[WhiteTeamCountry "FRA"]
[BlackTeamCountry "FRA"]

1. d4 d5 2. Nf3 Nc6 3. Bf4 Bg4 4. e3 e6 5. c4 Bb4+ 6. Nc3 Nf6 7. a3 Bxc3+ 8.
bxc3 O-O 9. Bd3 Qe7 10. O-O Rfd8 11. cxd5 Nxd5 12. Bg3 e5 13. Qc2 Bxf3 14. gxf3
h5 15. h3 h4 16. Bh2 g6 17. Kh1 Qe6 18. Rg1 Qxh3 19. Bf1 Qxf3+ 20. Bg2 Qf6 21.
c4 Nb6 22. c5 Nd5 23. Qc4 Nce7 24. dxe5 Qxf2 25. Raf1 Qxe3 26. Qxh4 Kg7 27. Rf3
Rh8 28. Qf6+ 1-0

[Event "Rennes op 03th"]
[Site "Rennes"]
[Date "2010.07.21"]
[Round "8.4"]
[White "Bratanov, Zsivko"]
[Black "Mladenov, Plamen"]
[Result "0-1"]
[WhiteElo "2480"]
[BlackElo "2363"]
[PlyCount "54"]
[EventDate "2010.07.??"]
[EventType "swiss"]
[EventRounds "9"]
[EventCountry "FRA"]
[WhiteTeamCountry "FRA"]
[BlackTeamCountry "FRA"]

1. c4 Nf6 2. Nc3 d5 3. cxd5 Nxd5 4. Nf3 g6 5. Qb3 Nb6 6. d4 Bg7 7. Bf4 Be6 8.
Qa3 Nc6 9. e3 O-O 10. Be2 Nd5 11. Nxd5 Bxd5 12. O-O h6 13. Rfd1 g5 14. Bg3 f5
15. Rac1 e6 16. Bc4 Bxf3 17. gxf3 f4 18. exf4 gxf4 19. d5 Ne5 20. dxe6 Nxc4 21.
Qb3 Na5 22. Qc2 Qf6 23. Qxc7 fxg3 24. e7 gxf2+ 25. Kf1 Qe6 26. Kxf2 Rfe8 27.
Rd8 Qb6+ 0-1

[Event "Rennes op 03th"]
[Site "Rennes"]
[Date "2010.07.23"]
[Round "8.5"]
[White "Adrian, Claude"]
[Black "Okhotnik, Vladimir"]
[Result "0-1"]
[WhiteElo "2292"]
[BlackElo "2467"]
[PlyCount "53"]
[EventDate "2010.07.??"]
[EventType "swiss"]
[EventRounds "9"]
[EventCountry "FRA"]
[WhiteTeamCountry "FRA"]
[BlackTeamCountry "FRA"]

1. c4 e5 2. g3 Nc6 3. Bg2 Nf6 4. Nc3 Bc5 5. a3 d6 6. e3 a6 7. Nge2 O-O 8. O-O
Ne7 9. d4 Ba7 10. b4 Ng6 11. Qc2 c6 12. b5 Qc7 13. a4 Be6 14. c5 dxc5 15. bxc6
bxc6 16. Ba3 exd4 17. exd4 cxd4 18. Bxf8 Rxf8 19. Ne4 Nd5 20. Nc5 Qd6 21. Ne4
Qe5 22. Qxc6 d3 23. N2c3 Qd4 24. Rac1 Nxc3 25. Nxc3 d2 26. Rc2 Rc8 27. Qxa6 {
illisible} 0-1

[Event "Rennes op 03th"]
[Site "Rennes"]
[Date "2010.07.21"]
[Round "8.6"]
[White "Lejarre, Ludovic"]
[Black "Daurelle, Herve"]
[Result "1-0"]
[WhiteElo "2385"]
[BlackElo "2239"]
[PlyCount "43"]
[EventDate "2010.07.??"]
[EventType "swiss"]
[EventRounds "9"]
[EventCountry "FRA"]
[WhiteTeamCountry "FRA"]
[BlackTeamCountry "FRA"]

1. e4 e5 2. d4 exd4 3. Qxd4 Nc6 4. Qe3 Nf6 5. Nc3 Bb4 6. Bd2 O-O 7. O-O-O Re8
8. Qg3 Nxe4 9. Nxe4 Rxe4 10. c3 Bf8 11. Bd3 Re8 12. Nf3 f6 13. h4 Bd6 14. Qg4
Ne5 15. Nxe5 Bxe5 16. f4 f5 17. Bxf5 Bf6 18. Rde1 d6 19. Bxh7+ Kh8 20. f5 Re5
21. Qh5 Bd7 22. Bg5 1-0

[Event "Rennes op 03th"]
[Site "Rennes"]
[Date "2010.07.21"]
[Round "8.7"]
[White "Caroff, Frederic"]
[Black "Spassov, Liuben"]
[Result "0-1"]
[WhiteElo "2106"]
[BlackElo "2376"]
[PlyCount "48"]
[EventDate "2010.07.??"]
[EventType "swiss"]
[EventRounds "9"]
[EventCountry "FRA"]
[WhiteTeamCountry "FRA"]
[BlackTeamCountry "FRA"]

1. e4 c5 2. c3 Nf6 3. e5 Nd5 4. d4 cxd4 5. Nf3 e6 6. cxd4 d6 7. a3 Bd7 8. Bd2
Bc6 9. Nc3 Nxc3 10. Bxc3 Nd7 11. Be2 Nb6 12. O-O Nd5 13. Bd2 Be7 14. b4 a6 15.
a4 O-O 16. b5 axb5 17. axb5 Bd7 18. Rxa8 Qxa8 19. Qa1 h6 20. Rc1 Rd8 21. Kf1
dxe5 22. Nxe5 Qb8 23. Ba5 b6 24. Be1 Bc5 0-1

[Event "Rennes op 03th"]
[Site "Rennes"]
[Date "2010.07.21"]
[Round "8.8"]
[White "Auvray, Juliette"]
[Black "Piankov, Evgenij"]
[Result "1/2-1/2"]
[WhiteElo "1990"]
[BlackElo "2324"]
[PlyCount "139"]
[EventDate "2010.07.??"]
[EventType "swiss"]
[EventRounds "9"]
[EventCountry "FRA"]
[WhiteTeamCountry "FRA"]
[BlackTeamCountry "FRA"]

1. e4 g6 2. d4 Bg7 3. Nc3 c6 4. Nf3 d5 5. h3 Nh6 6. Bf4 O-O 7. Qd2 dxe4 8. Nxe4
Nf5 9. c3 Nd6 10. Bd3 Nxe4 11. Bxe4 Nd7 12. Bh6 Nf6 13. Bc2 Qd5 14. Bxg7 Kxg7
15. Qg5 h6 16. Qe5 Qxe5+ 17. Nxe5 Be6 18. O-O Rfd8 19. f4 Bf5 20. Bb3 Nd5 21.
Rae1 a5 22. g4 Bc8 23. Bc2 h5 24. f5 gxf5 25. gxf5 Kf6 26. Kh2 c5 27. Bd1 cxd4
28. Bxh5 Ne3 29. Rf3 Nxf5 30. Nxf7 Rd5 31. cxd4 Rxd4 32. Ref1 Rd2+ 33. R1f2
Rxf2+ 34. Rxf2 Bd7 35. Nh6 Kg5 36. Nxf5 Bxf5 37. Bf3 Rh8 38. Bg2 b6 39. Kg3 Rd8
40. h4+ Kg6 41. Kf4 Be6 42. a3 Bc4 43. Ke5 b5 44. Bf3 Kh6 45. Rg2 Rd6 46. h5
Re6+ 47. Kd4 Rf6 48. Be2 Rc6 49. Bxc4 Rxc4+ 50. Kd5 Kxh5 51. Ke6 Re4+ 52. Kd5
Re3 53. Kc5 Re5+ 54. Kb6 b4 55. axb4 axb4 56. Kc6 Kh4 57. Rd2 Kg3 58. Rd4 Re2
59. Rxb4 e5 60. Kd5 Kf3 61. Rb8 e4 62. Rf8+ Ke3 63. b4 Rb2 64. Kc5 Rc2+ 65. Kd5
Kd3 66. b5 e3 67. Re8 Rb2 68. Kc6 Rb4 69. b6 Rc4+ 70. Kd6 1/2-1/2

[Event "Rennes op 03th"]
[Site "Rennes"]
[Date "2010.07.22"]
[Round "8.9"]
[White "Mancini, Mario"]
[Black "Theon, Pierre"]
[Result "1-0"]
[WhiteElo "2256"]
[BlackElo "2112"]
[PlyCount "53"]
[EventDate "2010.07.??"]
[EventType "swiss"]
[EventRounds "9"]
[EventCountry "FRA"]
[WhiteTeamCountry "FRA"]
[BlackTeamCountry "FRA"]

1. d4 d6 2. e4 Nf6 3. Nc3 e5 4. Nf3 Nbd7 5. Bc4 Be7 6. h3 c6 7. a4 Qc7 8. Be3
h6 9. Qe2 Nf8 10. g3 g5 11. a5 Ng6 12. d5 g4 13. Ng1 gxh3 14. Nxh3 Ng4 15. Bd2
f5 16. f3 Nf6 17. Nf2 f4 18. gxf4 exf4 19. Nd3 Ne5 20. Nxf4 h5 21. Bb3 a6 22.
Na4 Bd8 23. Nb6 Rb8 24. O-O-O Qe7 25. Nxc8 Rxc8 26. dxc6 Nxc6 27. Ng6 1-0